Prc̀tico Extranjera̕

Bibliographic Details
Main Author: Palomar, Alberto
Other Authors: Vz̀quez Garranzo, Javier
Format: eBook
Language:Spanish
Published: Barcelona: vLex, 2014
Subjects:
Online Access:Acceso restringido

MARC

LEADER 00000nam a22000007a 4500
005 2014081906486.0
007 cr|||| ||||
008 140819s2014 es |||||s|||| 00||0 spa d
035 |a 11864 
040 |a vLex 
090 |c 5119  |d 5119 
100 1 |a Palomar, Alberto 
245 1 0 |a Prc̀tico Extranjera̕  |h [Recurso electrn̤ico] /  |c Alberto Palomar, Javier Vz̀quez Garranzo 
256 |a Servicio en ln̕ea 
260 |a Barcelona:  |b vLex,  |c 2014 
300 |a 1 recurso electrn̤ico 
500 |a Cm̤o gestionar con x̌ito los trm̀ites administrativos ante la Oficina de extranjeros en va̕ contencioso-administrativa. Gua̕ prc̀tica complementada con la mejor seleccin̤ de recursos legales para contextualizar y ampliar el marco de los temas. 
506 1 |a Disponible solo en los productos indicados  |d vLex Global  |d vLex Global (Academic Edition, excluding Law Schools)  |d vLex Global (U.S. Academic Edition, Law Schools)  |d vLex Global (U.S. Academic Edition, excluding Law Schools)  |d vLex Global (Academic Edition, Law Schools) 
650 0 4 |a Derecho Pb︢lico y Administrativo  |z Espaą 
700 1 |a Vz̀quez Garranzo, Javier 
740 0 |a vLex Libros (Servicio en ln̕ea) 
856 4 0 |u http://app.vlex.com/#ES.extranjeria/browse  |z Acceso restringido 
942 |c BOOK 
999 0 |a Public and Administrative Law